Länder efter bokstav - K - Statistics

General Stats
  • This quiz has been taken 126 times
  • The average score is 8 of 14
Answer Stats
Land % Correct
Kazakstan
83%
Kanada
73%
Kamerun
69%
Kroatien
69%
Kina
65%
Kambodja
58%
Kenya
52%
Kosovo
52%
Kirgizistan
50%
Kiribati
48%
Kuwait
48%
Kuba
46%
Komorerna
35%
Kap Verde
33%
No matching quizzes found
Score Distribution
Percent of People with Each Score
Percentile by Number Answered
Your Score History
You have not taken this quiz